Central Library OPAC University of Rajshahi

গদ্যরীতি পদ্যরীতি : (Record no. 47669)

MARC details
000 -LEADER
fixed length control field 00977nam a2200229 a 4500
001 - CONTROL NUMBER
control field 47669
003 - CONTROL NUMBER IDENTIFIER
rucl marc code BD-RjUL
005 - DATE AND TIME OF LATEST TRANSACTION
control field 20211209054351.0
008 - FIXED-LENGTH DATA ELEMENTS--GENERAL INFORMATION
fixed length control field 160810s2012 bg ||||| |||| 00| 0 ben d
020 ## - INTERNATIONAL STANDARD BOOK NUMBER
International Standard Book Number 9847000001764
Terms of availability : Tk. 260.00
035 ## - SYSTEM CONTROL NUMBER
System control number (BD-RjUL)47788
040 ## - CATALOGING SOURCE
Original cataloging agency BD-RjUL
Language of cataloging ben
Transcribing agency BD-RjUL
041 ## - LANGUAGE CODE
Language code of text/sound track or separate title ben
082 ## - DEWEY DECIMAL CLASSIFICATION NUMBER
Edition number 23
Classification number 891.4409
Author mark and year SAG 2012
100 1# - MAIN ENTRY--PERSONAL NAME
Personal name সরকার, পবিত্র
9 (RLIN) 121594
245 10 - TITLE STATEMENT
Title গদ্যরীতি পদ্যরীতি :
Remainder of title শৈলীবিজ্ঞানের তত্ত্ব ও প্রয়োগ /
Statement of responsibility, etc. পবিত্র সরকার
260 ## - PUBLICATION, DISTRIBUTION, ETC. (IMPRINT)
Place of publication, distribution, etc. ঢাকা :
Name of publisher, distributor, etc. জাতীয় সাহিত্য প্রকাশ,
Date of publication, distribution, etc. ২০১২
300 ## - PHYSICAL DESCRIPTION
Pagination [৮], ২১৪ পৃ. ;
Size ২১ সেমি.
650 ## - SUBJECT ADDED ENTRY--TOPICAL TERM
Topical term or geographic name as entry element বাংলা সাহিত্য
General subdivision ইতিহাস ও সমালোচনা
9 (RLIN) 144844
Topical term or geographic name as entry element Bengali Literature
General subdivision History and Criticism
9 (RLIN) 144845
942 ## - ADDED ENTRY ELEMENTS (KOHA)
Source of classification or shelving scheme Dewey Decimal Classification
Koha item type Books
Holdings
Lost status Source of classification or shelving scheme Damaged status Not for loan Collection code Permanent Location Current Location Shelving location Date acquired Source of acquisition Cost, normal purchase price Total Checkouts Full call number Date last seen Copy number Koha item type
  Dewey Decimal Classification     Non-fiction Central Library, University of Rajshahi Central Library, University of Rajshahi   31/07/2013 Jatiya Sahita Prokash, Dhaka 260.00   B 891.4409 SAG 2012 10/08/2016 C-2 Books
  Dewey Decimal Classification     Non-fiction Central Library, University of Rajshahi Central Library, University of Rajshahi   31/07/2013 Sahity prakash, Dhaka. 260.00   B 891.4409 SAG 2012 11/08/2016 C-3 Books
  Dewey Decimal Classification     Non-fiction Central Library, University of Rajshahi Central Library, University of Rajshahi   31/07/2013 Jatiya Sahity prakash, Dhaka. 260.00   B 891.4409 SAG 2012 11/08/2016 C-4 Books